| 000 | 00325nam a2200097Ia 4500 | ||
|---|---|---|---|
| 082 | _a070.92 BERE | ||
| 245 | 0 | _aTruth is a strange fruit : a personal journey through the apartheid war | |
| 100 |
_a Beresford, David Auckland Park, South Africa, 2010 _946513 |
||
| 942 | _cBK | ||
| 008 | 210818s9999 xx 000 0 und d | ||
| 999 |
_c435672 _d435671 |
||